| 000 | 00531nam a22001817a 4500 | ||
|---|---|---|---|
| 005 | 20180703121638.0 | ||
| 008 | 160611b xxu||||| |||| 00| 0 eng d | ||
| 020 | _a0-07-059415-5 | ||
| 041 | _aeng | ||
| 082 |
_b6977 _a658.049 |
||
| 100 |
_aWALKER, DANIELLE MEDINA AND OTHERS _94436 |
||
| 245 | _aDoing Business Internationally:the guide to cross- cultural success | ||
| 250 | _a2nd ed. | ||
| 260 |
_aNEW DELHI _bTATA MCGRAW HILL PUBLISHING COMPANY LTD. _c2003 |
||
| 300 | _a322p, | ||
| 650 |
_aManagement _9241 |
||
| 942 | _cBK | ||
| 999 |
_c2428 _d2427 |
||